000 00643nam a2200193 i 4500
001 82810
003 ES-MaACL
005 20230906174733.0
007 t|
008 041112s1963 sp ||||1| spa d
245 0 3 _aLa Iglesia y la libertad /
_ccon la colaboración de el Cardenal Feltin... [et al.].
260 _aValencia :
_bFomento de Cultura,
_c[1963]
300 _a401 p. ;
_c22 cm.
490 1 _aColección "Semana de los Intelectuales Católicos"
700 1 _aFeltin, Maurice.
_949235
830 0 _aColección "Semana de los Intelectuales Católicos"
_9183766
852 _aES-MaACL
_jC-23519
_bR.51784
999 _c82810
_d82810